| 000 | 00931cam a22002895a 4500 | ||
|---|---|---|---|
| 001 | 016036224 | ||
| 003 | OSt | ||
| 005 | 20240818092958.0 | ||
| 008 | 120222t2013 maua frb 001 0 eng d | ||
| 020 | _a9780321811394 (paperback) | ||
| 020 | _a0321811399 (paperback) | ||
| 040 |
_aUk _beng _cUk _dEG-ScBUE |
||
| 082 | 0 | 4 |
_a547 _bWAD _222 |
| 100 | 1 |
_aWade, L. G., _d1947- _938448 |
|
| 245 | 1 | 0 |
_aOrganic chemistry / _cL. G. Wade. |
| 250 | _a8th ed., International ed. | ||
| 260 |
_aBoston : _bPearson Education Inc., _cc.2013. |
||
| 300 |
_a1 v. (various pagings) : _bill. (col.) ; _c28 cm. |
||
| 504 | _aIncludes bibliographical references and index. | ||
| 650 | 0 |
_aChemistry, Organic _vTextbooks. _2BUEsh |
|
| 651 | _2BUEsh | ||
| 653 |
_bPPhrm _cJune2015 _cSeptember2015 |
||
| 942 |
_2ddc _k547 WAD _hRDA-MOD |
||
| 999 |
_c19825 _d19797 |
||
| 336 |
_2rdacontent _atext _btxt |
||
| 337 |
_aunmediated _2rdamedia _bn |
||
| 338 |
_avolume _bnc _2rdacarrier |
||